El americano impasible

Novela policiaca ambientada en la Indochina francesa entre los años 1952 y 1955, donde Thomas Fowler un periodista británico que cubre la guerra de Francia en Vietnam va narrando lo que sucedió tras la muerte de Alden Pyle, un agente estadounidense del CIA que fue encontrado muerto y era amigo de Fo...

Descrizione completa

Salvato in:
Dettagli Bibliografici
Autore principale: Greene, Graham
Natura: Libro
Lingua:Undetermined
Pubblicazione: Barcelona, España Bruguera 1980
Soggetti:
Tags: Aggiungi Tag
Nessun Tag, puoi essere il primo ad aggiungerne!!

MARC

LEADER 00000nam a2200000Ia 4500
008 170316s9999 xx 000 0 und d
040 |a cru BVZT 
090 |a 820 G-13a 
100 |a Greene, Graham 
245 |a El americano impasible 
260 |a Barcelona, España 
260 |b Bruguera 
260 |c 1980 
300 |a 247 páginas 
520 |a Novela policiaca ambientada en la Indochina francesa entre los años 1952 y 1955, donde Thomas Fowler un periodista británico que cubre la guerra de Francia en Vietnam va narrando lo que sucedió tras la muerte de Alden Pyle, un agente estadounidense del CIA que fue encontrado muerto y era amigo de Fowler con regresiones y en tiempo presente. 
650 |a LITERATURA INGLESA  |9 12 
999 |c 6894  |d 6894 
942 |c 15 D  |h 820 G-13a  |2 z